| 000 | 01584cam a2200385 i 4500 | ||
|---|---|---|---|
| 001 | 768714001 | ||
| 003 | CO-MdFUSB | ||
| 005 | 20240531062747.0 | ||
| 007 | ta | ||
| 008 | 021021t2003 ilu b 000 0 eng | ||
| 010 | _a 2002152178 | ||
| 020 | _a0802441998 | ||
| 040 |
_aDLC _cCO-MdFUSB _dDLC _dCO-MdFUSB _bspa _erda |
||
| 041 | _aeng | ||
| 042 | _apcc | ||
| 043 | _an-us--- | ||
| 082 | 0 | 0 |
_221 _a262.0017 _bR993 |
| 100 | 1 |
_aRyken, Philip Graham, _d1966- _eautor |
|
| 245 | 1 | 0 |
_aCity on a hill : _breclaiming the biblical pattern for the church in the 21st century _c/ Philip Graham Ryken. |
| 264 | 1 |
_aChicago : _bMoody Publishers, _c[2003] |
|
| 264 | 4 | _c© 2003 | |
| 300 |
_a209 páginas ; _c22 cm. |
||
| 336 |
_2rdacontent _atexto _btxt |
||
| 337 |
_2rdamedia _asin mediación _bn |
||
| 338 |
_2rdacarrier _avolumen _bnc |
||
| 504 | _aIncluye referencias bibliográficas (páginas. 181 -185). | ||
| 505 | _aLa iglesia en el siglo veintiuno - una visión general - Hacer la Palabra de Dios clara - predicación expositiva - Elogiar a Dios - adoración corporativa - Crecer juntos en grupos - compañerismo - Pastorear el rebaño de Dios - cuidado pastoral - Pensar y actuar bíblicamente - discipulado - Alcanzar el mundo - misiones y evangelismo - Servir con compasión - ministerio de misericordia - Por qué la iglesia necesita el Evangelio - arrepentimiento y renovación. | ||
| 563 | _aRústico | ||
| 650 | 7 |
_aCristianismo _2 _922 |
|
| 650 | 7 |
_aIglesia _9655 |
|
| 942 | _cBK | ||
| 945 | _aJTF-925 | ||
| 999 |
_c66213 _d66213 |
||